|
|
|
|
| LEADER |
00000nam2a2200000 4500 |
| 001 |
246373 |
| 005 |
20231101232211.0 |
| 010 |
|
|
|a 5783603120
|
| 035 |
|
|
|a (RuTPU)RU\TPU\book\267823
|
| 035 |
|
|
|a RU\TPU\book\199051
|
| 090 |
|
|
|a 246373
|
| 100 |
|
|
|a 20131202d2002 m y0rusy50 ca
|
| 101 |
0 |
|
|a rus
|
| 102 |
|
|
|a RU
|
| 105 |
|
|
|a a j 000zy
|
| 200 |
0 |
|
|a Ч. 2: Тридцать пять лекций
|
| 210 |
|
|
|d 2002
|
| 215 |
|
|
|a 253 с.
|c ил.
|
| 461 |
|
1 |
|0 (RuTPU)RU\TPU\book\199409
|t Конспект лекций по высшей математике
|o в 2 ч.
|f Д. Т. Письменный
|v Ч. 2: Тридцать пять лекций
|d 2002
|
| 606 |
1 |
|
|a Математика высшая
|2 stltpush
|3 (RuTPU)RU\TPU\subj\3986
|9 32308
|
| 610 |
1 |
|
|a математика
|
| 610 |
1 |
|
|a дифференциальные уравнения
|
| 610 |
1 |
|
|a двойные интегралы
|
| 610 |
1 |
|
|a тройные интегралы
|
| 610 |
1 |
|
|a криволинейные интегралы
|
| 610 |
1 |
|
|a поверхностные интегралы
|
| 610 |
1 |
|
|a числовые ряды
|
| 610 |
1 |
|
|a степенные ряды
|
| 610 |
1 |
|
|a ряды Фурье
|
| 610 |
1 |
|
|a интеграл Фурье
|
| 610 |
1 |
|
|a теория поля
|
| 610 |
1 |
|
|a функции комплексного переменного
|
| 610 |
1 |
|
|a операционное исчисление
|
| 610 |
1 |
|
|a лекции
|
| 610 |
1 |
|
|a учебные пособия
|
| 675 |
|
|
|a 51(075.8)
|v 3
|
| 801 |
|
1 |
|a RU
|b 63413507
|c 20030227
|g PSBO
|
| 801 |
|
2 |
|a RU
|b 63413507
|c 20131211
|g PSBO
|
| 942 |
|
|
|c BK
|